[Event "Padova Weekend op-B 8th"]
[Site "Padova"]
[Date "2005.12.11"]
[Round "3.13"]
[White "Alba, Riccardo"]
[Black "Danieli, Enrico"]
[Result "1/2-1/2"]
[WhiteElo "1703"]
[BlackElo "2163"]
[PlyCount "59"]
[EventDate "2005.12.10"]
[EventType "swiss"]
[EventRounds "6"]
[EventCountry "ITA"]
[SourceTitle "EXT 2024"]
[Source "ChessBase"]
[SourceDate "2023.10.10"]
[SourceVersion "1"]
[SourceVersionDate "2023.10.10"]
[SourceQuality "1"]

1. d4 Nf6 2. c4 c5 3. d5 b5 4. e3 d6 5. h3 g6 6. Nf3 Bg7 7. Qc2 0-0 8. e4 e6 9. Be3 exd5 10. exd5 Re8 11. Bd3 bxc4 12. Bxc4 Na6 13. a3 Qb6 14. Nc3 Rb8 15. Rb1 Nc7 16. 0-0 Qb7 17. Rfd1 Bf5 18. Bd3 Bxd3 19. Qxd3 Nb5 20. Nxb5 Qxb5 21. Qxb5 Rxb5 22. b4 Reb8 23. Rbc1 cxb4 24. axb4 Nxd5 25. Bxa7 Ra8 26. Bd4 Nf4 27. Kf1 d5 28. Bc5 Ra2 29. Bd6 Ne6 30. Rc8+ 1/2-1/2

[Event "Padova Weekend op-B 8th"]
[Site "Padova"]
[Date "2005.12.10"]
[Round "1.8"]
[White "Alba, Riccardo"]
[Black "Damia, Angelo"]
[Result "0-1"]
[WhiteElo "1703"]
[BlackElo "2137"]
[PlyCount "64"]
[EventDate "2005.12.10"]
[EventType "swiss"]
[EventRounds "6"]
[EventCountry "ITA"]
[SourceTitle "EXT 2024"]
[Source "ChessBase"]
[SourceDate "2023.10.10"]
[SourceVersion "1"]
[SourceVersionDate "2023.10.10"]
[SourceQuality "1"]

1. d4 d6 2. Bf4 Nd7 3. Nf3 Ngf6 4. h3 g6 5. Nc3 Bg7 6. Qd2 c5 7. Bh6 0-0 8. e4 cxd4 9. Nxd4 Nc5 10. Bxg7 Kxg7 11. f3 a6 12. g4 b5 13. h4 h5 14. gxh5 Nxh5 15. Be2 e5 16. Nc6 Qc7 17. Nb4 Be6 18. Nbd5 Qb7 19. Ne3 Rad8 20. Ncd5 Bxd5 21. Nxd5 Ne6 22. 0-0-0 Nef4 23. Rdg1 Nxd5 24. exd5 Nf4 25. h5 Qxd5 26. Bd3 Qxa2 27. c3 Qd5 28. hxg6 Qxd3 29. Rh7+ Kf6 30. g7 Qxd2+ 31. Kxd2 Rg8 32. Ke3 d5 0-1

[Event "Padova op-A 5th"]
[Site "Padova"]
[Date "2002.12.22"]
[Round "5.42"]
[White "Alba, Riccardo"]
[Black "Ruhi, Abazi"]
[Result "1-0"]
[WhiteElo "1536"]
[BlackElo "1600"]
[PlyCount "87"]
[EventDate "2002.12.14"]
[EventType "swiss"]
[EventRounds "6"]
[EventCountry "ITA"]
[SourceTitle "EXT 2023"]
[Source "ChessBase"]
[SourceDate "2022.10.05"]
[SourceVersion "1"]
[SourceVersionDate "2022.10.05"]
[SourceQuality "1"]

1. d4 d5 2. Nf3 Nc6 3. Bf4 Bf5 4. a3 e6 5. Ne5 Nxe5 6. Bxe5 Nf6 7. c4 Bd6 8. Bxf6 Qxf6 9. c5 Be7 10. Nc3 0-0 11. e3 c6 12. Bd3 e5 13. Bxf5 Qxf5 14. 0-0 exd4 15. Qxd4 Bf6 16. Qd2 h5 17. Rfe1 Rad8 18. Ne2 h4 19. h3 Rfe8 20. Nd4 Qg6 21. Rab1 Re5 22. Nf3 Rf5 23. Qe2 Re8 24. Rbd1 Re4 25. Rd2 Qh6 26. Nd4 Rg5 27. f3 Re8 28. Qd3 Rg6 29. f4 Re4 30. Nf5 Qh5 31. Nd6 Re7 32. e4 dxe4 33. Rxe4 Rg3 34. Qc2 Qg6 35. Rxe7 Bxe7 36. Qxg6 Rxg6 37. Nxb7 Rg3 38. Rd7 Bf6 39. Nd8 Bxb2 40. Nxc6 Bxa3 41. Ne7+ Kf8 42. c6 Bxe7 43. c7 f6 44. c8Q+ 1-0

[Event "Padova op-A 5th"]
[Site "Padova"]
[Date "2002.12.15"]
[Round "3.43"]
[White "Alba, Riccardo"]
[Black "Pikec, Paolo"]
[Result "1-0"]
[WhiteElo "1536"]
[BlackElo "1567"]
[PlyCount "67"]
[EventDate "2002.12.14"]
[EventType "swiss"]
[EventRounds "6"]
[EventCountry "ITA"]
[SourceTitle "EXT 2023"]
[Source "ChessBase"]
[SourceDate "2022.10.05"]
[SourceVersion "1"]
[SourceVersionDate "2022.10.05"]
[SourceQuality "1"]

1. d4 Nf6 2. Nf3 d6 3. Bf4 g6 4. h3 Bg7 5. e3 0-0 6. Bd3 c5 7. c3 cxd4 8. exd4 Nc6 9. 0-0 Nd5 10. Bg3 Re8 11. Re1 a6 12. Be4 Nf6 13. Bc2 b5 14. Nbd2 b4 15. Rb1 bxc3 16. bxc3 Nd5 17. Ne4 Bd7 18. Bb3 Nf6 19. Nfg5 Rf8 20. Nxd6 exd6 21. Bxd6 Bf5 22. Bxf8 Bxb1 23. Bxg7 Kxg7 24. Qxb1 Nd5 25. Qe4 Ra7 26. Qxd5 Qxd5 27. Bxd5 Ne7 28. Bb3 Rc7 29. Re6 Nf5 30. Rxa6 Rxc3 31. d5 Rc1+ 32. Kh2 Rf1 33. Nxf7 Kxf7 34. d6+ 1-0

[Event "Padova op-A 5th"]
[Site "Padova"]
[Date "2002.12.15"]
[Round "2.35"]
[White "Nizzardo, Mattia"]
[Black "Alba, Riccardo"]
[Result "1-0"]
[WhiteElo "1612"]
[BlackElo "1536"]
[PlyCount "39"]
[EventDate "2002.12.14"]
[EventType "swiss"]
[EventRounds "6"]
[EventCountry "ITA"]
[SourceTitle "EXT 2023"]
[Source "ChessBase"]
[SourceDate "2022.10.05"]
[SourceVersion "1"]
[SourceVersionDate "2022.10.05"]
[SourceQuality "1"]

1. e4 e5 2. Nf3 Nf6 3. Nc3 Nc6 4. d4 Bb4 5. Bg5 exd4 6. Nxd4 Nxd4 7. Qxd4 Be7 8. e5 Nd5 9. Bxe7 Nxe7 10. e6 f6 11. Qg4 dxe6 12. Qxg7 Ng6 13. Ne4 Rf8 14. Bb5+ c6 15. Ke2 cxb5 16. Rad1 Qe7 17. Nd6+ Kd8 18. Nf5+ Qd7 19. Rxd7+ Bxd7 20. Rd1 1-0

[Event "Padova op-B 3rd"]
[Site "Padova"]
[Date "2000.12.03"]
[Round "2.36"]
[White "Alba, Riccardo"]
[Black "Verdi, Ruben"]
[Result "1-0"]
[WhiteElo "1500"]
[BlackElo "1443"]
[PlyCount "93"]
[EventDate "2000.12.02"]
[EventType "swiss"]
[EventRounds "6"]
[EventCountry "ITA"]
[SourceTitle "EXT 2024"]
[Source "ChessBase"]
[SourceDate "2023.10.10"]
[SourceVersion "1"]
[SourceVersionDate "2023.10.10"]
[SourceQuality "1"]

1. e4 c5 2. Nf3 d6 3. d4 cxd4 4. Nxd4 e5 5. Nb3 Nf6 6. Nc3 Be7 7. Bg5 a6 8. Qd2 h6 9. Bh4 Nxe4 10. Nxe4 Bxh4 11. Nxd6+ Ke7 12. Nxc8+ Qxc8 13. Qb4+ Ke8 14. Qxh4 Qxc2 15. Rc1 Qf5 16. Be2 Nc6 17. 0-0 g5 18. Qc4 h5 19. Bf3 Rc8 20. Na5 Ne7 21. Qe4 Qxe4 22. Bxe4 b6 23. Rxc8+ Nxc8 24. Rc1 Nd6 25. Nb7 Rh6 26. Rc6 Ke7 27. Rxb6 Re6 28. Bd5 Rf6 29. Rxa6 Nb5 30. Rxf6 Kxf6 31. Nd8 Nd6 32. a4 Ke7 33. Nc6+ Kd7 34. Nxe5+ Ke7 35. b4 f6 36. Nc6+ Kd7 37. b5 Nc8 38. Kf1 Kd6 39. Bb3 Kc5 40. Ke2 Nd6 41. Kd3 h4 42. Be6 f5 43. Nd4 Ne4 44. Bxf5 Nxf2+ 45. Ke2 Nh1 46. Nc6 Kb6 47. Kf1 1-0

[Event "Padova op-B 3rd"]
[Site "Padova"]
[Date "2000.12.02"]
[Round "1.14"]
[White "Maccapan, Fabio"]
[Black "Alba, Riccardo"]
[Result "1-0"]
[WhiteElo "1738"]
[BlackElo "1500"]
[PlyCount "95"]
[EventDate "2000.12.02"]
[EventType "swiss"]
[EventRounds "6"]
[EventCountry "ITA"]
[SourceTitle "EXT 2024"]
[Source "ChessBase"]
[SourceDate "2023.10.10"]
[SourceVersion "1"]
[SourceVersionDate "2023.10.10"]
[SourceQuality "1"]

1. e4 e5 2. Nc3 Nf6 3. Nf3 Nc6 4. d4 exd4 5. Nxd4 Nxd4 6. Qxd4 d6 7. Bg5 Be7 8. 0-0-0 h6 9. Bh4 Be6 10. e5 dxe5 11. Qxe5 Bd6 12. Bb5+ Kf8 13. Qe2 Qe7 14. Rhe1 c6 15. Bc4 Re8 16. Bxe6 Bf4+ 17. Kb1 fxe6 18. Qc4 g5 19. Bg3 Bxg3 20. fxg3 Kg7 21. Qd4 a6 22. Qe5 Kf7 23. h3 Rd8 24. Rxd8 Rxd8 25. Rf1 Kg6 26. Kc1 Rf8 27. Re1 Re8 28. g4 Nd5 29. Ne4 Nf4 30. g3 Nd5 31. Rf1 Qg7 32. Qxg7+ Kxg7 33. Kd2 Nb4 34. Kc3 Nd5+ 35. Kd4 e5+ 36. Kc5 Re6 37. Rf2 b6+ 38. Kc4 Nf6 39. Kd3 Nxe4 40. Kxe4 Rf6 41. Rf5 Rxf5 42. Kxf5 e4 43. Kxe4 Kf6 44. a4 a5 45. c3 b5 46. b3 bxa4 47. bxa4 c5 48. c4 1-0